CHEMICAL PROCESS PRINCIPLES PART-I (Record no. 610857)

MARC details
000 -LEADER
fixed length control field 00383pam a2200157a 44500
008 - FIXED-LENGTH DATA ELEMENTS--GENERAL INFORMATION
fixed length control field 230515b2004 xxu||||| |||| 00| 0 eng d
020 ## - INTERNATIONAL STANDARD BOOK NUMBER
International Standard Book Number 8123909535
041 ## - LANGUAGE CODE
Language code of text/sound track or separate title ENGLISH
082 ## - DEWEY DECIMAL CLASSIFICATION NUMBER
Classification number 660.28/HOU
100 ## - MAIN ENTRY--PERSONAL NAME
Personal name HOUGEN,O.A.
245 ## - TITLE STATEMENT
Title CHEMICAL PROCESS PRINCIPLES PART-I
250 ## - EDITION STATEMENT
Edition statement 2ND
260 ## - PUBLICATION, DISTRIBUTION, ETC.
Place of publication, distribution, etc. NEW DELHI
Name of publisher, distributor, etc. C B S PUBLICATION
Date of publication, distribution, etc. 2004
300 ## - PHYSICAL DESCRIPTION
Extent 504+39
650 ## - SUBJECT ADDED ENTRY--TOPICAL TERM
Topical term or geographic name entry element NULL
Holdings
Withdrawn status Lost status Damaged status Not for loan Home library Current library Shelving location Date acquired Source of acquisition Cost, normal purchase price Total Checkouts Full call number Barcode Date last seen Price effective from Koha item type
        College of Engineering, Navi Mumbai College of Engineering, Navi Mumbai   19/03/2016 BHARATI MADHYAVARTI SAHAKARI GRAHAK BHANDAR LTD. 295.00   660.28/HOU ECM-E-37067 28/06/2023 28/06/2023 Book